Continuing training shared between hospital and outpatient doctors in the same area: An asset for interprofessional relations? (notice n° 1639208)

détails MARC
000 -LEADER
fixed length control field 01954cam a2200169 4500500
005 - DATE AND TIME OF LATEST TRANSACTION
control field 20260201033027.0
041 ## - LANGUAGE CODE
Language code of text/sound track or separate title fre
042 ## - AUTHENTICATION CODE
Authentication code dc
100 10 - MAIN ENTRY--PERSONAL NAME
Personal name Hernandez, Johanna
Relator term author
245 00 - TITLE STATEMENT
Title Continuing training shared between hospital and outpatient doctors in the same area: An asset for interprofessional relations?
260 ## - PUBLICATION, DISTRIBUTION, ETC.
Date of publication, distribution, etc. 2026.<br/>
500 ## - GENERAL NOTE
General note 46
520 ## - SUMMARY, ETC.
Summary, etc. Background: The relationship between hospital and outpatient medicine is an essential lever for improving the coordination of care. However, it remains weakened by persistent difficulties in communication and mutual recognition. Against this backdrop, local joint training initiatives appear to be a way of strengthening interprofessional links and smoothing patient pathways. Method: A qualitative study was conducted at the Centre Hospitalier du Forez (Loire), based on two joint training evenings organized in 2023 and 2024. Data were collected using focus groups and individual interviews. Results: In addition to their educational role, these training courses acted as a catalyst for relationships. They reduced apprehension, facilitated exchanges, and legitimized reciprocal requests between general practitioners and hospital doctors. Conviviality, geographical proximity, and local roots were seen as determining factors. Several participants reported changes in their practices, including better coordination of prescriptions and smoother referrals. Conclusion: These training courses are a practical tool for breaking down the barriers between hospital and outpatient medicine. If they are to be sustainable, they will need to be built on a more balanced basis, with greater involvement of outpatient doctors, and supported by official recognition.
700 10 - ADDED ENTRY--PERSONAL NAME
Personal name Balmet, Christophe
Relator term author
786 0# - DATA SOURCE ENTRY
Note Médecine | 21 | 9 | 2026-01-23 | p. 421-426 | 1777-2044
856 41 - ELECTRONIC LOCATION AND ACCESS
Uniform Resource Identifier <a href="https://stm.cairn.info/journal-medecine-2025-9-page-421?lang=en&redirect-ssocas=7080">https://stm.cairn.info/journal-medecine-2025-9-page-421?lang=en&redirect-ssocas=7080</a>

Pas d'exemplaire disponible.

PLUDOC

PLUDOC est la plateforme unique et centralisée de gestion des bibliothèques physiques et numériques de Guinée administré par le CEDUST. Elle est la plus grande base de données de ressources documentaires pour les Étudiants, Enseignants chercheurs et Chercheurs de Guinée.

Adresse

627 919 101/664 919 101

25 boulevard du commerce
Kaloum, Conakry, Guinée

Réseaux sociaux

Powered by Netsen Group @ 2025